000 00602nam a2200205Ia 4500
003 GCL
008 140319s9999 xx 000 0 ara d
040 _aGCL /
_cGCL
082 0 4 _a805
_bح ط
100 1 _aحسين مروة
245 1 0 _aالطريق: مجلة فكرية شهرية /
_cحسين مروة
700 1 _aمحمد دكروب
300 _a168 ص
490 _aالهيئة العامة للاستعلامات
_v0
650 0 4 _aالشعر العربى
650 0 4 _aالادب العربى
650 0 4 _aالقصص العربية
650 0 4 _aالدوريات
942 _2ddc
_cBK
999 _c51578
_d51578